Macroeconomics

Αποθηκεύτηκε σε:
Λεπτομέρειες βιβλιογραφικής εγγραφής
Κύριος συγγραφέας: Merklein, Helmut
Μορφή: Βιβλίο
Γλώσσα:English
Δημοσίευση: Belmont, Calif. : Wadsworth Pub. Co, [1972]
Θέματα:
Ετικέτες: Προσθήκη ετικέτας
Δεν υπάρχουν, Καταχωρήστε ετικέτα πρώτοι!

MARC

LEADER 00000nam a2200000 i 4500
001 1/30194
008 950810s1972 eng d
020 |a 0534001750 
035 |l 10023358 
040 |a GR-MY-UA  |b gre  |e aacr 
041 0 |a eng 
082 0 |a 339 
100 1 |a Merklein, Helmut. 
245 1 0 |a Macroeconomics 
260 |a Belmont, Calif. :   |b Wadsworth Pub. Co,   |c [1972] 
300 |a viii, 280 p;  |b illus;  |c 25 cm. 
500 |a "Major figures and tables: a supplement to macroeconomics" [by] Helmut Merklein (31 p.) inserted in pocket 
504 |a Includes bibliographical references 
650 0 0 |a Macroeconomics. 
852 |a INST  |b CHIOS  |e 19950810  |h 339 MER  |p 005200001186  |q 005200001186  |t BK  |y 0 
909 |a Χ  |b 013323